Lida Mantovani y otras historias de Ferrara /

Guardado en:
Bibliografiske detaljer
Hovedforfatter: Bassani, Giorgio (autor)
Andre forfattere: Pitol, Sergio (traducción) (traducción)
Format: Bog
Sprog:spansk
Udgivet: Barcelona, España : Barral, 1971, c1971
Serier:(Ediciones de Bolsillo ; 151)
(Libros de Enlace) [s.n.]
Fag:
Tags: Tilføj Tag
Ingen Tags, Vær først til at tagge denne postø!

MARC

LEADER 00000nam^a2200000^a^4500
001 000320121
005 20250521000000.0
009 20260310113501.413
025 |a Donación Alvaro Gómez Saborío, 1 ejemplar 
037 |a Acervo Xavier Clavigero 
041 |a ESP 
082 |a 853.  |b BAS 
100 |a Bassani, Giorgio  |e (autor) 
245 1 0 |a Lida Mantovani y otras historias de Ferrara /  |c G. Bassani ; tr. por S. Pitol. 
264 4 |a Barcelona, España :  |b Barral,  |c 1971, c1971 
300 |a 175 p. 
336 |a texto  |b txt  |2 rdacontenido 
337 |a sin mediación  |b n  |2 rdamedio 
338 |a volumen  |b nc  |2 rdasoporte 
440 1 |a (Ediciones de Bolsillo ;  |v 151) 
440 1 |a (Libros de Enlace) [s.n.] 
500 |a Traducción de: Le storie ferraresi 
586 |a Premio Strega 1956 (ganadora) 
586 |a Premio Miguel de Cervantes 2005: Traducciones 
586 |a Premio de Literatura Latinoamericana y del Caribe Juan Rulfo 1999: Traducciones 
586 |a Premio Nacional de Ciencias y Artes, categoría Lingüística y Literatura (44°: 1993): Traducciones 
649 |a XX 
650 |a Cuentos Italianos 
650 |a Literatura Italiana -  |y Siglo XX 
650 |a Ferrara, Italia en la Literatura 
700 |a Pitol, Sergio  |e (traducción) 
910 |a Fondo General 
920 |a Impresos - Libros 
930 |a Colección General 
940 |a Literatura 
905 |a 101 
901 |a 0500207366  |b IT1  |c LIT  |i D  |u 20250521 
902 |a https://opac.biblio.iteso.mx/vufind/Record/000320121